|
|
|
|
| LEADER |
00000nab a2200000 ar4500 |
| 001 |
vtls008307404 |
| 003 |
SK-MaSNL |
| 005 |
20260304212556.0 |
| 008 |
051104c2005 xo mr|p|||||||000 b|slo |
| 015 |
|
|
|a SNBRB2005/11
|2 snkbucl
|
| 038 |
|
|
|a SNKBUCL
|
| 040 |
|
|
|a SNKBUCL
|b slo
|c SNKBUCL
|e AACR2
|
| 041 |
0 |
|
|a slo
|
| 044 |
|
|
|a xo
|c SK
|
| 080 |
|
|
|a 27-18
|2 1981
|
| 080 |
|
|
|a 173
|2 1981
|
| 080 |
|
|
|a 17.021.4
|2 1981
|
| 080 |
|
|
|a 316.3/.6
|2 1981
|
| 100 |
1 |
|
|a Tomko, Jozef,
|d 1924-2022
|4 aut
|9 90154
|
| 245 |
1 |
0 |
|a Aký je súčasný človek v upadajúcej západnej civilizácii?
|c Jeho Eminencia Jozef kardinál Tomko
|
| 300 |
|
|
|b Fotogr.
|
| 650 |
0 |
7 |
|a človek a spoločnosť
|2 snkbucl
|9 4102
|
| 650 |
0 |
7 |
|a kresťanská antropológia
|2 snkbucl
|9 719
|
| 650 |
0 |
7 |
|a človek
|2 snkbucl
|9 16150
|
| 650 |
0 |
7 |
|a ľudstvo
|2 snkbucl
|9 1945
|
| 773 |
0 |
|
|t Dimenzie
|g Roč. 5., č. 9 (2005), s. 36-39
|x 1335-9959
|
| 852 |
|
|
|a SNK
|b KIS3GCP
|
| 999 |
|
|
|c 3132016
|d 3133946
|